Encyclopedia of small business

Detalles Bibliográficos
Autor principal: Hillstrom, Kevin, 1963-
Otros Autores: Hillstrom, Laurie Collier, 1965-
Formato: Libro
Lenguaje:inglés
Publicado: Detroit, MI : Gale Group, c2002.
Edición:2nd ed.
Materias:
Acceso en línea:Acceso restringido

MARC

LEADER 00000cam a22000004a 4500
005 20110922104155.0
008 010511s2002 miu eb 001 0 eng
010 |a  2001033781 
020 |a 1-4144-1040-9  
035 |a 2755 
040 |a DLC  |c DLC  |d vLex 
082 0 0 |a 658.02/2  |2 21 
090 |c 2522  |d 2522 
100 1 |a Hillstrom, Kevin,  |d 1963- 
245 1 0 |a Encyclopedia of small business   |h [Recurso electrn̤ico] /  |c Kevin Hillstrom, Laurie Collier Hillstrom. 
250 |a 2nd ed. 
256 |a Servicio en ln̕ea. 
260 |a Detroit, MI :  |b Gale Group,  |c c2002. 
300 |a 2 v. ;  |c 29 cm. 
504 |a Incluye referencias bibliogrf̀icas e n̕dice 
506 1 |a Contenido solo disponible en los productos indicados  |d vLex Global  |d vLex Global (Academic Edition, excluding Law Schools)  |d vLex Global (Academic Edition, Law Schools) 
650 |a Empresas pequąs y medianas  |x Direccin̤ y administracin̤  |x Enciclopedias 
700 1 |a Hillstrom, Laurie Collier,  |d 1965- 
740 0 |a vLex Libros (Servicio en ln̕ea) 
856 4 0 |u http://vlex.com/source/encyclopedia-small-business-2755  |z Acceso restringido 
942 |c BOOK